|
|
|
|
| LEADER |
00000cam a2200000 7i4500 |
| 001 |
0000002009 |
| 005 |
20020801.0 |
| 020 |
0 |
0 |
|a 9838120472
|
| 090 |
0 |
0 |
|a R584.4095983
|b WOO 2001
|
| 100 |
1 |
0 |
|a WOOD
|h Jeffrey J.
|
| 245 |
1 |
0 |
|a Dendrochilum of Borneo
|c Jeffrey J. Wood
|f line illustrations by Susanna Stuart-Smith ... [et al.]
|f photographs by Todd J. Barkman ... (et al.)
|
| 260 |
0 |
0 |
|a Kota Kinabalu, Sabah :
|b Natural History Pub. ,
|c 2001
|
| 300 |
|
|
|a xii, 371 p., 24 leaves of plates :
|b col. ill. ;
|c 26 cm.
|
| 500 |
0 |
0 |
|a Includes bibliography: p. 291-1=296 and index
|
| 650 |
0 |
0 |
|a Dendrocoelum
|x Borneo
|
| 650 |
0 |
0 |
|a Wild flowers
|x Borneo
|
| 700 |
0 |
1 |
|a Barkman
|h Todd J.
|
| 700 |
0 |
1 |
|a Stuart-Smith
|h Susanna
|
| 998 |
|
|
|a JPSM
|
| 999 |
|
|
|a 0000003347
|b Monograph
|c Reference
|e Default branch
|